000 00382nam a22001577a 4500
999 _c254489
_d254488
003 OSt
005 20230726090151.0
008 160614b xxu||||| |||| 00| 0 eng d
020 _a0-393-92615-X
040 _cN/A
100 _aAlison Booth
245 _aIntroduction to Literature
250 _a9th Edition
260 _aNew York
_bW.W.Norton & Company
_c2005
942 _2lcc
_cBK